Scénické osvetlenie
Saved in:
| Main Author: | |
|---|---|
| Other Authors: | |
| Format: | Manuscript Book |
| Language: | Slovak |
| Published: |
Bratislava :
STU v Bratislave FEI,
2023
|
| Subjects: | |
| Online Access: | https://opac.crzp.sk/?fn=detailBiblioFormChildE66LQ&sid=08878EB2E7E37CD091917BC0752B&seo=CRZP-detail-kniha |
| Tags: |
No Tags, Be the first to tag this record!
|
MARC
| LEADER | 00000ntm a22000003a 4500 | ||
|---|---|---|---|
| 001 | stuzp93388 | ||
| 003 | SK-STU | ||
| 005 | 20241118092832.5 | ||
| 007 | ta | ||
| 008 | 150427s2015----xo-----f-mn---000-0-slo-d | ||
| 040 | |a STU |b slo | ||
| 041 | 0 | |a slo | |
| 044 | |a xo | ||
| 100 | 1 | |a Gregorec, Bruno |u 032000 |4 aut |U FEI Fakulta elektrotechniky a informatiky |T FEI Ústav elektroenergetiky a aplikovanej elektrotechniky |X 111524 |U E020 |Y 548 |7 111524 | |
| 242 | 0 | 1 | |a Scenic Lighting |y eng |
| 245 | 1 | 0 | |a Scénické osvetlenie |
| 260 | |a Bratislava : |b STU v Bratislave FEI, |c 2023 | ||
| 300 | |a 47 s. | ||
| 650 | 4 | |a svietidlo |2 slo | |
| 650 | 4 | |a divadlo |2 slo | |
| 650 | 4 | |a meranie |2 slo | |
| 650 | 4 | |a measurement |2 eng | |
| 650 | 4 | |a theater |2 eng | |
| 650 | 4 | |a fixture |2 eng | |
| 700 | 1 | |a Mokráň, Marek |4 ths |X 9035 |7 9035 | |
| 856 | 4 | |u https://opac.crzp.sk/?fn=detailBiblioFormChildE66LQ&sid=08878EB2E7E37CD091917BC0752B&seo=CRZP-detail-kniha | |